Bird in the Answers - Statistics

General Stats
  • This quiz has been taken 34,037 times
    13,622 since last reset
  • The average score is 13 of 20
Answer Stats
Clue Answer % Correct
Sesame Street character Big Bird
92%
Getter of the worm Early bird
92%
One under par in golf Birdie
90%
Slingshot game for phones Angry Birds
84%
Some try to kill them with one stone Two birds
83%
Smallest kind of bird Hummingbird
80%
They flock together Birds of a feather
78%
Also known as H5N1 Bird flu
69%
Magic Johnson's rival Larry Bird
64%
Worth the same as two in the bush Bird in the hand
63%
The facts of life The birds and the bees
62%
Oft-requested Lynyrd Skynyrd song Free Bird
62%
Bird known to mimic the calls of other birds Mockingbird
61%
Unintelligent person Birdbrain
56%
First Lady of the US, 1963–1969 {Lady} {Bird} Johnson
52%
Singing in the dead of night / take these broken wings and learn to fly Blackbird
50%
A raptor is a ... Bird of prey
42%
Famous Alcatraz resident Birdman
39%
Bird depicted on the flag of Papua New Guinea Bird-of-paradise
35%
Edible ones can fetch up to $9,500/kg in China Bird nest
27%
No matching quizzes found
Score Distribution
Percent of People with Each Score
Percentile by Number Answered
Your Score History
You have not taken this quiz since the last reset